[Event "Quebec-ch qual"]
[Site "Gatineau CAN"]
[Date "2008.03.18"]
[Round "2"]
[White "Menard, Marc"]
[Black "Forget, David"]
[Result "0-1"]
[WhiteElo "1635"]
[BlackElo "1930"]
[PlyCount "32"]
[GameId "2160767910413250"]
[EventDate "2008.03.11"]
[EventType "swiss"]
[EventRounds "5"]
[EventCountry "CAN"]
[SourceTitle "EXT 2011"]
[Source "ChessBase"]
[SourceDate "2011.11.26"]
[SourceVersion "1"]
[SourceVersionDate "2011.11.26"]
[SourceQuality "1"]

1. e4 e6 2. d4 d5 3. exd5 exd5 4. Nf3 Bg4 5. Be2 Nf6 6. O-O Bd6 7. Re1 O-O 8. c4 dxc4 9. Bxc4 Nc6 10. Be3 Bb4 11. Nbd2 Bxf3 12. Qxf3 Nxd4 13. Bxd4 Qxd4 14. Rad1 Bxd2 15. Qe2 Rae8 16. Qxd2 Qxd2 0-1

[Event "Quebec-ch qual"]
[Site "Gatineau CAN"]
[Date "2008.03.18"]
[Round "2"]
[White "Pilon, Robert"]
[Black "Labelle, Raymond"]
[Result "1-0"]
[WhiteElo "1583"]
[BlackElo "1368"]
[PlyCount "41"]
[GameId "2160767910413251"]
[EventDate "2008.03.11"]
[EventType "swiss"]
[EventRounds "5"]
[EventCountry "CAN"]
[SourceTitle "EXT 2011"]
[Source "ChessBase"]
[SourceDate "2011.11.26"]
[SourceVersion "1"]
[SourceVersionDate "2011.11.26"]
[SourceQuality "1"]

1. e4 e5 2. Nf3 Nc6 3. Bc4 Bc5 4. b4 Bxb4 5. c3 Bc5 6. d4 exd4 7. cxd4 Be7 8. Nc3 d6 9. h3 Nf6 10. O-O O-O 11. Re1 Na5 12. Bd3 a6 13. e5 dxe5 14. dxe5 Nd7 15. Qc2 g6 16. Bh6 Re8 17. Nd5 Bf8 18. Bg5 f6 19. exf6 Kf7 20. Rxe8 Kxe8 21. Bxg6+ 1-0

[Event "Quebec-ch qual"]
[Site "Gatineau CAN"]
[Date "2008.03.18"]
[Round "2"]
[White "Rainey, Ivan"]
[Black "Jiang, Qizhe"]
[Result "1-0"]
[WhiteElo "1299"]
[BlackElo "971"]
[PlyCount "77"]
[GameId "2160767910413252"]
[EventDate "2008.03.11"]
[EventType "swiss"]
[EventRounds "5"]
[EventCountry "CAN"]
[SourceTitle "EXT 2011"]
[Source "ChessBase"]
[SourceDate "2011.11.26"]
[SourceVersion "1"]
[SourceVersionDate "2011.11.26"]
[SourceQuality "1"]

1. e4 e5 2. Nf3 Nc6 3. Bb5 Nge7 4. c3 d6 5. h3 a6 6. Ba4 Bd7 7. O-O Ng6 8. d3 Be7 9. Be3 h6 10. Bb3 Bg5 11. Qc1 Bf4 12. d4 O-O 13. Bd5 Qc8 14. Nh2 Bxh3 15. Re1 Bxh2+ 16. Kxh2 Be6 17. Bxe6 fxe6 18. g3 d5 19. exd5 exd5 20. Qd1 e4 21. Nd2 Nce7 22. Kg2 Nc6 23. Qc2 b5 24. b3 Na5 25. c4 c6 26. Rac1 Ne7 27. Bf4 g5 28. Bd6 Kf7 29. Rh1 Qe6 30. Bxe7 Kxe7 31. cxd5 Qxd5 32. Qxe4+ Qxe4+ 33. Nxe4 Rad8 34. Rce1 Kf7 35. Rxh6 g4 36. Ng5+ Kg7 37. Ree6 Rg8 38. Rh7+ Kf8 39. Rf7# 1-0

[Event "Quebec-ch qual"]
[Site "Gatineau CAN"]
[Date "2008.03.18"]
[Round "2"]
[White "Scantland, Patrick"]
[Black "Szalay, Karoly"]
[Result "0-1"]
[WhiteElo "1711"]
[BlackElo "2098"]
[PlyCount "84"]
[GameId "2160767910413253"]
[EventDate "2008.03.11"]
[EventType "swiss"]
[EventRounds "5"]
[EventCountry "CAN"]
[SourceTitle "EXT 2011"]
[Source "ChessBase"]
[SourceDate "2011.11.26"]
[SourceVersion "1"]
[SourceVersionDate "2011.11.26"]
[SourceQuality "1"]

1. d4 d5 2. c4 e6 3. Nc3 c6 4. cxd5 exd5 5. Qc2 Bd6 6. Nf3 Bg4 7. Bg5 f6 8. Bh4 Qb6 9. e3 Ne7 10. Be2 Bf5 11. Qd2 Nd7 12. O-O Kf7 13. Ne1 Rae8 14. Nd3 Nc8 15. g4 Bg6 16. f4 Bxd3 17. Bxd3 Bb4 18. Bf2 Nd6 19. Rac1 Qa5 20. a3 Bxc3 21. Rxc3 Ne4 22. Bxe4 Rxe4 23. b4 Qa4 24. Qd3 Re7 25. Re1 Qb5 26. Qc2 h6 27. e4 dxe4 28. Rxe4 Rxe4 29. Qxe4 Re8 30. Qd3 Qxd3 31. Rxd3 Nb6 32. Kf1 f5 33. h3 Nd5 34. Bg3 Re4 35. Kf2 Nxf4 36. Bxf4 Rxf4+ 37. Kg3 Re4 38. Kf3 g6 39. d5 cxd5 40. Rxd5 Kf6 41. h4 Rxg4 42. Rd7 Rxh4 0-1

[Event "Quebec-ch qual"]
[Site "Gatineau CAN"]
[Date "2008.03.18"]
[Round "2"]
[White "Sunatori, Evelyne"]
[Black "Kennedy, Phillip"]
[Result "0-1"]
[WhiteElo "1185"]
[BlackElo "1343"]
[PlyCount "72"]
[GameId "2160767910413254"]
[EventDate "2008.03.11"]
[EventType "swiss"]
[EventRounds "5"]
[EventCountry "CAN"]

1. e4 c5 2. Nc3 Nc6 3. Nf3 e6 4. Bb5 g6 5. O-O Bg7 6. d3 Nge7 7. Be3 b6 8. Bg5 Bb7 9. Re1 a6 10. Bxc6 Bxc6 11. Qd2 Qc7 12. Bxe7 Kxe7 13. Rad1 h6 14. a3 e5 15. Na2 a5 16. c3 Rhd8 17. b4 d6 18. d4 Ke8 19. Qc2 Bd7 20. Re2 Bg4 21. Qa4+ Kf8 22. Re3 axb4 23. Qb3 Rxa3 24. Qb2 Rda8 25. Ra1 b3 26. h3 Rxa2 27. Rxa2 bxa2 28. Re1 Bxf3 29. gxf3 Qa7 30. Ra1 exd4 31. cxd4 Bxd4 32. Qc1 Bxa1 33. Qxa1 Ke7 34. Kg2 Qa4 35. Kg3 Qd4 36. Qxd4 cxd4 0-1

[Event "Quebec-ch qual"]
[Site "Gatineau CAN"]
[Date "2008.03.18"]
[Round "2"]
[White "Thompson, Daniel"]
[Black "Desjardins, Michel"]
[Result "0-1"]
[WhiteElo "1655"]
[BlackElo "1965"]
[PlyCount "44"]
[GameId "2160767910413255"]
[EventDate "2008.03.11"]
[EventType "swiss"]
[EventRounds "5"]
[EventCountry "CAN"]
[SourceTitle "EXT 2011"]
[Source "ChessBase"]
[SourceDate "2011.11.26"]
[SourceVersion "1"]
[SourceVersionDate "2011.11.26"]
[SourceQuality "1"]

1. d4 d5 2. c4 c6 3. Nc3 dxc4 4. e3 b5 5. Nxb5 cxb5 6. Qf3 Qc7 7. Qxa8 Bb7 8. Qxa7 e5 9. Bxc4 Bb4+ 10. Bd2 Bxd2+ 11. Kxd2 bxc4 12. Nf3 Na6 13. Nxe5 Ne7 14. Nxc4 Nc8 15. Qxb7 Qxb7 16. f3 Qb4+ 17. Kd3 O-O 18. Rhc1 Qb5 19. Kd2 Rd8 20. Ke1 Nb4 21. Kd2 Qg5 22. a3 Qxg2+ 0-1

[Event "Quebec-ch qual"]
[Site "Gatineau CAN"]
[Date "2008.03.25"]
[Round "3"]
[White "Arsenault, Michel"]
[Black "Reitano, Michael"]
[Result "1-0"]
[WhiteElo "1989"]
[BlackElo "967"]
[PlyCount "45"]
[GameId "2160767910413256"]
[EventDate "2008.03.11"]
[EventType "swiss"]
[EventRounds "5"]
[EventCountry "CAN"]
[SourceTitle "EXT 2011"]
[Source "ChessBase"]
[SourceDate "2011.11.26"]
[SourceVersion "1"]
[SourceVersionDate "2011.11.26"]
[SourceQuality "1"]

1. c4 e5 2. g3 Nc6 3. Bg2 Na5 4. Qa4 b6 5. Bxa8 Ba6 6. Bg2 Qc8 7. d3 c6 8. b4 Be7 9. bxa5 b5 10. cxb5 cxb5 11. Qd1 Nf6 12. Bd2 O-O 13. Nc3 b4 14. Ne4 Nd5 15. Rc1 Qa8 16. Qb3 f5 17. Nf6+ Rxf6 18. Bxd5+ Kh8 19. Bxa8 Bc5 20. Rxc5 d6 21. Rc6 Bb5 22. Rc8+ Rf8 23. Rxf8# 1-0

[Event "Quebec-ch qual"]
[Site "Gatineau CAN"]
[Date "2008.03.25"]
[Round "3"]
[White "Berthiaume, Patrick"]
[Black "Duret, Serge"]
[Result "1-0"]
[WhiteElo "1214"]
[BlackElo "1021"]
[PlyCount "23"]
[GameId "2160767910413257"]
[EventDate "2008.03.11"]
[EventType "swiss"]
[EventRounds "5"]
[EventCountry "CAN"]
[SourceTitle "EXT 2011"]
[Source "ChessBase"]
[SourceDate "2011.11.26"]
[SourceVersion "1"]
[SourceVersionDate "2011.11.26"]
[SourceQuality "1"]

1. e4 c5 2. Nf3 Nc6 3. c3 d6 4. d4 cxd4 5. cxd4 Nf6 6. d5 Ne5 7. Bb5+ Bd7 8. Bxd7+ Qxd7 9. Nc3 Qg4 10. Qa4+ Nfd7 11. Nxe5 Qxg2 12. Qxd7# 1-0

[Event "Quebec-ch qual"]
[Site "Gatineau CAN"]
[Date "2008.03.25"]
[Round "3"]
[White "Berthiaume, Serge"]
[Black "Menard, Marc"]
[Result "0-1"]
[WhiteElo "1264"]
[BlackElo "1635"]
[PlyCount "64"]
[GameId "2160767910413258"]
[EventDate "2008.03.11"]
[EventType "swiss"]
[EventRounds "5"]
[EventCountry "CAN"]
[SourceTitle "EXT 2011"]
[Source "ChessBase"]
[SourceDate "2011.11.26"]
[SourceVersion "1"]
[SourceVersionDate "2011.11.26"]
[SourceQuality "1"]

1. d4 Nf6 2. c4 e5 3. d5 Bc5 4. Bg5 Bxf2+ 5. Kxf2 Ne4+ 6. Ke1 Nxg5 7. Nc3 f5 8. h4 Nf7 9. Qc2 d6 10. Kd2 c6 11. Rd1 cxd5 12. Qa4+ Bd7 13. Qb4 Nc6 14. Qb3 Na5 15. Qb4 Nxc4+ 16. Ke1 Ne3 17. Rd2 Rc8 18. Qxb7 d4 19. Nd1 Rc1 20. Qxa7 O-O 21. g3 Bc6 22. Rh3 Qa8 23. Qc7 Rc8 24. Qb6 Qxa2 25. Nf3 Qa1 26. Kf2 Rxd1 27. Rxd1 Qxd1 28. Nh2 Qc1 29. g4 Nxg4+ 30. Nxg4 fxg4 31. Rb3 Rf8 32. Kg3 Qf4# 0-1

[Event "Quebec-ch qual"]
[Site "Gatineau CAN"]
[Date "2008.03.25"]
[Round "3"]
[White "Blouin, Francois"]
[Black "Guimond, Michel"]
[Result "0-1"]
[WhiteElo "1512"]
[BlackElo "1874"]
[PlyCount "54"]
[GameId "2160767910413259"]
[EventDate "2008.03.11"]
[EventType "swiss"]
[EventRounds "5"]
[EventCountry "CAN"]
[SourceTitle "EXT 2011"]
[Source "ChessBase"]
[SourceDate "2011.11.26"]
[SourceVersion "1"]
[SourceVersionDate "2011.11.26"]
[SourceQuality "1"]

1. e4 c5 2. Nc3 d6 3. d3 g6 4. Be3 Bg7 5. Qd2 Nc6 6. g3 e5 7. Bg2 Be6 8. Nge2 Qd7 9. a3 Bh3 10. O-O h5 11. Nd5 h4 12. Nec3 O-O-O 13. b4 Nh6 14. Nf6 Bxf6 15. Bxh6 Bxg2 16. Kxg2 g5 17. Bxg5 hxg3 18. h4 Bxg5 19. Qxg5 Nd4 20. fxg3 Rdg8 21. Qf6 Qg4 22. Qf3 Rxh4 23. Rh1 Ne6 24. Rxh4 Qxh4 25. Nd5 Nf4+ 26. Nxf4 exf4 27. Rh1 Rxg3+ 0-1

[Event "Quebec-ch qual"]
[Site "Gatineau CAN"]
[Date "2008.03.25"]
[Round "3"]
[White "Danilov, Alex"]
[Black "Lacourse, Guy"]
[Result "1/2-1/2"]
[WhiteElo "1922"]
[BlackElo "1573"]
[PlyCount "124"]
[GameId "2160767910413260"]
[EventDate "2008.03.11"]
[EventType "swiss"]
[EventRounds "5"]
[EventCountry "CAN"]
[SourceTitle "EXT 2011"]
[Source "ChessBase"]
[SourceDate "2011.11.26"]
[SourceVersion "1"]
[SourceVersionDate "2011.11.26"]
[SourceQuality "1"]

1. c4 Nf6 2. g3 g6 3. Bg2 Bg7 4. Nc3 d6 5. d4 O-O 6. Nf3 Nbd7 7. e4 e5 8. O-O c5 9. d5 Ne8 10. Be3 f5 11. exf5 gxf5 12. Ng5 Nc7 13. Ne6 Nxe6 14. dxe6 Nb6 15. Bd5 Qe7 16. Bg5 Bf6 17. Bh6 Bg7 18. Bxg7 Kxg7 19. f4 Bxe6 20. fxe5 dxe5 21. Re1 Nxd5 22. Nxd5 Bxd5 23. Qxd5 Rfe8 24. Re2 Rad8 25. Qf3 Qf7 26. Rae1 e4 27. Qf4 Rd7 28. b3 b6 29. g4 fxg4 30. Qxg4+ Qg6 31. Qxg6+ hxg6 32. Rxe4 Rxe4 33. Rxe4 Rd1+ 34. Kf2 Rd2+ 35. Re2 Rd7 36. Kf3 Kf6 37. Rg2 a5 38. Ke4 Rd4+ 39. Ke3 g5 40. Rf2+ Ke5 41. Rf8 Rh4 42. Rf2 g4 43. Kd3 Rh3+ 44. Kc2 g3 45. Re2+ Kd6 46. hxg3 Rxg3 47. Rh2 Rg6 48. Kb2 Kc6 49. Ka3 b5 50. cxb5+ Kxb5 51. Rh5 Rg3 52. Rh8 Rg4 53. Rb8+ Ka6 54. Kb2 a4 55. Ra8+ Kb5 56. bxa4+ Rxa4 57. Rb8+ Kc4 58. Rh8 Ra5 59. Rc8 Rb5+ 60. Kc2 Ra5 61. Kb2 Rb5+ 62. Kc2 Ra5 1/2-1/2

[Event "Quebec-ch qual"]
[Site "Gatineau CAN"]
[Date "2008.03.25"]
[Round "3"]
[White "Desjardins, Michel"]
[Black "Cossette, Daniel"]
[Result "1/2-1/2"]
[WhiteElo "1965"]
[BlackElo "2116"]
[PlyCount "94"]
[GameId "2160767910413261"]
[EventDate "2008.03.11"]
[EventType "swiss"]
[EventRounds "5"]
[EventCountry "CAN"]
[SourceTitle "EXT 2011"]
[Source "ChessBase"]
[SourceDate "2011.11.26"]
[SourceVersion "1"]
[SourceVersionDate "2011.11.26"]
[SourceQuality "1"]

1. e4 c5 2. Nc3 Nc6 3. g3 g6 4. Bg2 Bg7 5. d3 d6 6. Be3 Rb8 7. Qd2 b5 8. Nge2 Nd4 9. O-O h5 10. h4 b4 11. Nd1 e5 12. Nc1 Bh3 13. c3 Bxg2 14. Kxg2 bxc3 15. bxc3 Ne6 16. Nb3 Ne7 17. Nb2 Nc6 18. Qc2 O-O 19. Rab1 f5 20. exf5 gxf5 21. Qd1 Qe8 22. Nc4 Rd8 23. Nca5 Nxa5 24. Nxa5 f4 25. Bd2 Qg6 26. Nc6 Rd7 27. Be1 fxg3 28. fxg3 Rxf1 29. Kxf1 Rf7+ 30. Kg1 Bh6 31. Kh2 e4 32. d4 e3 33. Rb8+ Kh7 34. d5 Ng7 35. c4 Qe4 36. Qb1 Qxb1 37. Rxb1 Rf1 38. Nxa7 e2 39. Nb5 Bd2 40. Kg2 Nf5 41. Bxd2 Rxb1 42. Kf2 Rb2 43. Kxe2 Rxa2 44. Kd3 Kg6 45. Bf4 Ra6 46. Ke4 Rb6 47. Kd3 Ra6 1/2-1/2

[Event "Quebec-ch qual"]
[Site "Gatineau CAN"]
[Date "2008.03.25"]
[Round "3"]
[White "Groleau, Gilles"]
[Black "Pilon, Robert"]
[Result "1-0"]
[WhiteElo "1959"]
[BlackElo "1583"]
[PlyCount "53"]
[GameId "2160767910413262"]
[EventDate "2008.03.11"]
[EventType "swiss"]
[EventRounds "5"]
[EventCountry "CAN"]
[SourceTitle "EXT 2011"]
[Source "ChessBase"]
[SourceDate "2011.11.26"]
[SourceVersion "1"]
[SourceVersionDate "2011.11.26"]
[SourceQuality "1"]

1. e4 e6 2. d4 d5 3. Nd2 dxe4 4. Nxe4 b6 5. Nf3 Bb7 6. Bd3 Be7 7. O-O Nf6 8. Qe2 Nbd7 9. Bf4 Nxe4 10. Bxe4 Bxe4 11. Qxe4 Nf6 12. Qc6+ Nd7 13. Ne5 Rc8 14. Qa4 Bd6 15. Bg5 b5 16. Qxb5 c6 17. Nxc6 Qc7 18. Ne5 Bxe5 19. dxe5 Rb8 20. Qa4 O-O 21. Be7 Nc5 22. Qh4 Qxe5 23. Rfe1 Qf5 24. Bxf8 Kxf8 25. Rad1 g5 26. Qd4 Kg8 27. Re5 1-0

[Event "Quebec-ch qual"]
[Site "Gatineau CAN"]
[Date "2008.03.25"]
[Round "3"]
[White "Jani, Louis"]
[Black "Ethier, Valori"]
[Result "0-1"]
[WhiteElo "1467"]
[BlackElo "1367"]
[PlyCount "58"]
[GameId "2160767910413263"]
[EventDate "2008.03.11"]
[EventType "swiss"]
[EventRounds "5"]
[EventCountry "CAN"]
[SourceTitle "EXT 2011"]
[Source "ChessBase"]
[SourceDate "2011.11.26"]
[SourceVersion "1"]
[SourceVersionDate "2011.11.26"]
[SourceQuality "1"]

1. e4 c6 2. d4 d5 3. e5 Bf5 4. Nf3 e6 5. Bg5 Qb6 6. b3 Nd7 7. a3 c5 8. Be3 cxd4 9. Bxd4 Bc5 10. c3 Ne7 11. b4 Bxd4 12. cxd4 Rc8 13. Ra2 Qc7 14. Bb5 Bxb1 15. Rb2 Qc3+ 16. Rd2 Qxa3 17. O-O Qxb4 18. Qxb1 Qxb1 19. Rxb1 Rc7 20. Rdb2 b6 21. Ra2 O-O 22. Rba1 a5 23. Rb2 Nc8 24. g3 Na7 25. Bxd7 Rxd7 26. Rxb6 Rc7 27. Rxa5 Nc8 28. Rb8 Ne7 29. Rxf8+ Kxf8 0-1

[Event "Quebec-ch qual"]
[Site "Gatineau CAN"]
[Date "2008.03.25"]
[Round "3"]
[White "Jiang, Qizhe"]
[Black "Dupont, Claude"]
[Result "0-1"]
[WhiteElo "971"]
[BlackElo "1494"]
[PlyCount "46"]
[GameId "2160767910413264"]
[EventDate "2008.03.11"]
[EventType "swiss"]
[EventRounds "5"]
[EventCountry "CAN"]
[SourceTitle "EXT 2011"]
[Source "ChessBase"]
[SourceDate "2011.11.26"]
[SourceVersion "1"]
[SourceVersionDate "2011.11.26"]
[SourceQuality "1"]

1. e4 c5 2. d3 Nc6 3. Be3 d6 4. Nf3 e5 5. Nc3 h6 6. h3 Nf6 7. Be2 Be7 8. a3 a6 9. Qd2 b5 10. Na2 Be6 11. O-O d5 12. c3 dxe4 13. dxe4 Qxd2 14. Bxd2 Nxe4 15. Be3 Rd8 16. Rfd1 Rxd1+ 17. Bxd1 O-O 18. a4 b4 19. cxb4 cxb4 20. Rc1 Rc8 21. Nxe5 Nxe5 22. Rxc8+ Bxc8 23. Nxb4 Bxb4 0-1

[Event "Quebec-ch qual"]
[Site "Gatineau CAN"]
[Date "2008.03.25"]
[Round "3"]
[White "Kennedy, Phillip"]
[Black "Scantland, Patrick"]
[Result "0-1"]
[WhiteElo "1343"]
[BlackElo "1711"]
[PlyCount "90"]
[GameId "2160767910413265"]
[EventDate "2008.03.11"]
[EventType "swiss"]
[EventRounds "5"]
[EventCountry "CAN"]

1. c4 Nf6 2. g3 e6 3. Bg2 c6 4. Nc3 d5 5. d4 Bb4 6. Bd2 dxc4 7. a3 Ba5 8. e4 Qxd4 9. Nge2 Qc5 10. O-O e5 11. Be3 Qe7 12. Na4 Bg4 13. f3 Be6 14. f4 exf4 15. Nxf4 Nbd7 16. Nxe6 Qxe6 17. Qf3 O-O 18. Rad1 Rfe8 19. Qf5 Qxf5 20. Rxf5 Rad8 21. Rxa5 Nxe4 22. Bxa7 Ndf6 23. Rxd8 Rxd8 24. Bb6 Rd1+ 25. Bf1 h6 26. Ra8+ Kh7 27. Rd8 Nd5 28. Ba5 Rc1 29. Rd7 Ne3 30. Rxf7 Ng5 31. Rxg7+ Kxg7 32. Bc3+ Kg6 33. Kf2 Nxf1 34. Be1 Nxh2 35. Nc3 Ng4+ 36. Kf1 Kf5 37. Ne2 Ne3+ 38. Kf2 Ne4+ 39. Kxe3 Rxe1 40. Kf3 Rxe2 41. g4+ Kg5 42. Kxe2 Kxg4 43. Ke3 c3 44. bxc3 Nxc3 45. Kf2 b5 0-1

[Event "Quebec-ch qual"]
[Site "Gatineau CAN"]
[Date "2008.03.25"]
[Round "3"]
[White "Labelle, Raymond"]
[Black "Arsenault, Yves"]
[Result "0-1"]
[WhiteElo "1368"]
[BlackElo "1534"]
[PlyCount "92"]
[GameId "2160767910413266"]
[EventDate "2008.03.11"]
[EventType "swiss"]
[EventRounds "5"]
[EventCountry "CAN"]
[SourceTitle "EXT 2011"]
[Source "ChessBase"]
[SourceDate "2011.11.26"]
[SourceVersion "1"]
[SourceVersionDate "2011.11.26"]
[SourceQuality "1"]

1. e4 c5 2. Nf3 Nc6 3. d4 cxd4 4. Nxd4 e5 5. Nxc6 bxc6 6. Bc4 Nf6 7. Nc3 Bb4 8. Bd2 d6 9. h3 O-O 10. O-O Bxc3 11. Bxc3 Nxe4 12. Be1 Rb8 13. Rb1 Bb7 14. f3 Nf6 15. Bh4 d5 16. Bd3 Qb6+ 17. Kh1 Nh5 18. Be2 Nf4 19. Rf2 Nxe2 20. Rxe2 f6 21. Bf2 d4 22. c3 c5 23. b4 Rfe8 24. Qc1 Ba6 25. b5 Bc8 26. c4 Bf5 27. Rb3 d3 28. Rd2 e4 29. Qd1 Bg6 30. fxe4 Bxe4 31. Qh5 Re5 32. Qh4 Qb7 33. Bg3 Rg5 34. Bxb8 Bxg2+ 35. Kg1 Bxh3+ 36. Bg3 Bf5 37. Kf1 Qf3+ 38. Rf2 Qd1+ 39. Kg2 Rh5 40. Rf1 Qe2+ 41. Rf2 Be4+ 42. Kg1 Qe1+ 43. Rf1 Qe3+ 44. Bf2 Rg5+ 45. Kh2 Rg2+ 46. Kh1 Rxf2+ 0-1

[Event "Quebec-ch qual"]
[Site "Gatineau CAN"]
[Date "2008.03.25"]
[Round "3"]
[White "Laurin, Jacques"]
[Black "MacIsaac, Alexandre"]
[Result "1-0"]
[WhiteElo "1819"]
[BlackElo "1356"]
[PlyCount "95"]
[GameId "2160767910413267"]
[EventDate "2008.03.11"]
[EventType "swiss"]
[EventRounds "5"]
[EventCountry "CAN"]
[SourceTitle "EXT 2011"]
[Source "ChessBase"]
[SourceDate "2011.11.26"]
[SourceVersion "1"]
[SourceVersionDate "2011.11.26"]
[SourceQuality "1"]

1. e4 e5 2. Nf3 Nc6 3. Bb5 a6 4. Ba4 Nf6 5. O-O Nxe4 6. d4 b5 7. Bb3 Nxd4 8. Nxd4 exd4 9. Qf3 d5 10. Re1 f5 11. Nd2 Be7 12. Nxe4 dxe4 13. Qg3 Bf6 14. f3 Qe7 15. fxe4 Bh4 16. exf5 Qxe1+ 17. Qxe1+ Bxe1 18. Bf4 Ba5 19. g4 Bb6 20. Re1+ Kf8 21. Bd5 Rb8 22. f6 d3+ 23. Kg2 Bd4 24. Bxc7 Rb6 25. fxg7+ Kxg7 26. Re7+ Kf8 27. Rf7+ Ke8 28. Bxb6 dxc2 29. Rc7 Bxb6 30. Rxc8+ Kd7 31. Rxc2 h5 32. g5 Bd4 33. Bb7 Rg8 34. h4 Rg6 35. Bc8+ Kd8 36. Bf5 Rg7 37. Rc8+ Ke7 38. b3 Be3 39. Ra8 Rf7 40. Bg6 Rf2+ 41. Kg3 Rxa2 42. Re8+ Kd6 43. Rxe3 a5 44. Bxh5 Ra3 45. Bf7 a4 46. g6 Ra1 47. bxa4 bxa4 48. Kg2 1-0

[Event "Quebec-ch qual"]
[Site "Gatineau CAN"]
[Date "2008.03.25"]
[Round "3"]
[White "Rainey, Ivan"]
[Black "Thompson, Daniel"]
[Result "0-1"]
[WhiteElo "1299"]
[BlackElo "1655"]
[PlyCount "42"]
[GameId "2160767910413268"]
[EventDate "2008.03.11"]
[EventType "swiss"]
[EventRounds "5"]
[EventCountry "CAN"]
[SourceTitle "EXT 2011"]
[Source "ChessBase"]
[SourceDate "2011.11.26"]
[SourceVersion "1"]
[SourceVersionDate "2011.11.26"]
[SourceQuality "1"]

1. e4 e6 2. d4 d5 3. Nd2 c5 4. c3 cxd4 5. cxd4 dxe4 6. Nxe4 Bb4+ 7. Nc3 Nf6 8. Nf3 Ne4 9. Bd2 Nxd2 10. Qxd2 O-O 11. Bd3 Nc6 12. Qf4 e5 13. Qe4 f5 14. Bc4+ Kh8 15. Qe2 Nxd4 16. Nxd4 exd4 17. O-O-O Qg5+ 18. f4 Qxf4+ 19. Kb1 dxc3 20. bxc3 Bxc3 21. Qe7 Qe4+ 0-1

[Event "Quebec-ch qual"]
[Site "Gatineau CAN"]
[Date "2008.03.25"]
[Round "3"]
[White "Sunatori, Evelyne"]
[Black "Levesque, Andre"]
[Result "1-0"]
[WhiteElo "1185"]
[BlackElo "1418"]
[PlyCount "100"]
[GameId "2160767910413269"]
[EventDate "2008.03.11"]
[EventType "swiss"]
[EventRounds "5"]
[EventCountry "CAN"]
[SourceTitle "EXT 2011"]
[Source "ChessBase"]
[SourceDate "2011.11.26"]
[SourceVersion "1"]
[SourceVersionDate "2011.11.26"]
[SourceQuality "1"]

1. e4 c5 2. Nf3 Nc6 3. d4 cxd4 4. Nxd4 g6 5. Nc3 Bg7 6. Be3 e6 7. Bc4 Qa5 8. Qd2 a6 9. Nb3 Qb4 10. Be2 Qe7 11. O-O-O Nf6 12. Bc5 Qd8 13. a3 Bf8 14. Bxf8 Kxf8 15. Qh6+ Kg8 16. Rhe1 Ne5 17. h3 b5 18. f4 Nc6 19. Bf3 e5 20. f5 Qf8 21. Qxf8+ Kxf8 22. fxg6 hxg6 23. Nd5 Kg7 24. Nc5 Ne8 25. Nb6 Rb8 26. Nbxd7 Bxd7 27. Rxd7 a5 28. Bg4 Nf6 29. Rc7 Nxg4 30. hxg4 Rbc8 31. Rd7 Nb8 32. Rd5 f6 33. g5 fxg5 34. Rxe5 g4 35. Nd3 Rc7 36. Rxb5 Nc6 37. Rc5 Rhc8 38. c3 Nd8 39. Rxc7+ Rxc7 40. e5 Ne6 41. g3 Nd4 42. Kb1 Nf3 43. Re2 Rd7 44. Nc1 Rd1 45. Kc2 Rg1 46. e6 Kf8 47. b4 axb4 48. cxb4 Nd4+ 49. Kc3 Nxe2+ 50. Nxe2 Ke7 1-0

[Event "Quebec-ch qual"]
[Site "Gatineau CAN"]
[Date "2008.03.25"]
[Round "3"]
[White "Szalay, Karoly"]
[Black "Libersan, Mattieu"]
[Result "1-0"]
[WhiteElo "2098"]
[BlackElo "1843"]
[PlyCount "123"]
[GameId "2160767910413270"]
[EventDate "2008.03.11"]
[EventType "swiss"]
[EventRounds "5"]
[EventCountry "CAN"]
[SourceTitle "EXT 2011"]
[Source "ChessBase"]
[SourceDate "2011.11.26"]
[SourceVersion "1"]
[SourceVersionDate "2011.11.26"]
[SourceQuality "1"]

1. e4 c5 2. Nf3 d6 3. d4 cxd4 4. Nxd4 Nf6 5. Nc3 a6 6. Bg5 e6 7. f4 Be7 8. Qf3 Qc7 9. O-O-O Nc6 10. g4 Bd7 11. Kb1 Rc8 12. Nb3 b5 13. Bxf6 gxf6 14. Bd3 b4 15. Ne2 a5 16. Nbd4 Nxd4 17. Nxd4 Qc5 18. Nb3 Qb6 19. f5 a4 20. fxe6 Bxe6 21. Nd4 b3 22. Bb5+ Kf8 23. Nxe6+ fxe6 24. Bxa4 bxa2+ 25. Ka1 Rg8 26. h4 Qa5 27. Bb3 Qe5 28. Rhg1 Kg7 29. Qg3 Rc5 30. Qxe5 Rxe5 31. Rd4 Kh8 32. c3 h5 33. g5 fxg5 34. hxg5 Rexg5 35. Rxg5 Rxg5 36. Bxe6 h4 37. Rd2 Kg7 38. Kxa2 Kf6 39. Bf5 Ke5 40. b4 Rg3 41. Kb3 h3 42. b5 Bg5 43. Rh2 d5 44. b6 Bd8 45. b7 Bc7 46. Bxh3 Kxe4 47. Bg2+ Ke5 48. Rh5+ Ke6 49. Bxd5+ Kd6 50. Bh1 Re3 51. Rh8 Re1 52. Kc4 Rb1 53. Rh6+ Kd7 54. Kc5 Rc1 55. c4 Rb1 56. Be4 Rb2 57. Bf5+ Ke7 58. Rh7+ Kf6 59. Rxc7 Kxf5 60. Kc6 Ke6 61. Rc8 Rc2 62. c5 1-0

[Event "Quebec-ch qual"]
[Site "Gatineau CAN"]
[Date "2008.04.01"]
[Round "4"]
[White "Arsenault, Yves"]
[Black "Arsenault, Michel"]
[Result "0-1"]
[WhiteElo "1534"]
[BlackElo "1989"]
[PlyCount "80"]
[GameId "2160767910413271"]
[EventDate "2008.03.11"]
[EventType "swiss"]
[EventRounds "5"]
[EventCountry "CAN"]
[SourceTitle "EXT 2011"]
[Source "ChessBase"]
[SourceDate "2011.11.26"]
[SourceVersion "1"]
[SourceVersionDate "2011.11.26"]
[SourceQuality "1"]

1. e4 c5 2. Nf3 e6 3. c3 Nf6 4. e5 Nd5 5. d4 cxd4 6. cxd4 d6 7. Nc3 Nxc3 8. bxc3 Nc6 9. exd6 Bxd6 10. Bd3 Qc7 11. Qc2 Bd7 12. O-O h6 13. Re1 Rc8 14. a3 O-O 15. Bb2 e5 16. d5 Na5 17. Rac1 b5 18. Nd2 f5 19. c4 Qb8 20. Be2 bxc4 21. Bxc4 Nxc4 22. Nxc4 Bb5 23. Qd3 Bxc4 24. Rxc4 Rxc4 25. Qxc4 Qxb2 26. a4 Qd4 27. Qc6 Rd8 28. Rb1 Qc5 29. Rb7 Qxc6 30. dxc6 Rb8 31. Rxb8+ Bxb8 32. Kf1 Kf7 33. Ke2 Ke6 34. Kd3 Kd5 35. f3 e4+ 36. fxe4+ fxe4+ 37. Ke3 a5 38. g3 g6 39. Kf2 Kd4 40. h4 Kd3 0-1